<?xml version="1.0" encoding="UTF-8"?>
<collection xmlns="http://www.loc.gov/MARC21/slim">
 <record>
  <leader>00489nam a22001215a 4500</leader>
  <controlfield tag="001">EEA.libagro004080</controlfield>
  <controlfield tag="005">20190408121456.0</controlfield>
  <controlfield tag="008">130809s1984####ag############000#0#spa#d</controlfield>
  <datafield tag="082" ind1="0" ind2="4">
   <subfield code="a">574.929</subfield>
  </datafield>
  <datafield tag="245" ind1="1" ind2="0">
   <subfield code="a">Taller: las represas en los macroecosistemas de la cuenca paranoplatense :</subfield>
   <subfield code="b">impacto e integración de los programas de investigación /</subfield>
   <subfield code="c">Asociación Argentina de Limnología.</subfield>
  </datafield>
  <datafield tag="260" ind1=" " ind2=" ">
   <subfield code="a">Buenos Aires,</subfield>
   <subfield code="c">1984.</subfield>
  </datafield>
  <datafield tag="300" ind1=" " ind2=" ">
   <subfield code="a">37 p. ;</subfield>
   <subfield code="c">19 cm.</subfield>
  </datafield>
  <datafield tag="859" ind1=" " ind2=" ">
   <subfield code="a">AR-BbBCA</subfield>
   <subfield code="b">BIB. AGRONOMIA</subfield>
   <subfield code="h">574.929</subfield>
   <subfield code="i">A837</subfield>
   <subfield code="p">1989/1318</subfield>
  </datafield>
 </record>
</collection>
